000 01060cam a2200289 a 4500
999 _c423
_d423
001 4969895
003 GZU
005 20200826101720.0
008 970501s1996 nr ab b 001 0 eng
010 _a 97146662
020 _a1592211151
040 _aDLC
_cDLC
_dDLC
043 _af-nr---
050 0 0 _aBV3630.I2
_bKAL 2003
100 1 _aKalu, Ogbu.
_eauthor
245 1 4 _aThe embattled gods :
_bChristianization of Igboland, 1841-1991 /
_cOgbu U. Kalu.
260 _aLagos, Nigeria :
_bMinaj,
_cc1996.
300 _aix, 348 p. :
_bill. maps, ;
_c24 cm.
500 _aIncludes bibliographical references and index. Originally published: Lagos, Nigeria: Minaj, c1996
504 _aIncludes bibliographical references and index.
650 0 _aIgbo (African people)
_xMissions
_xHistory.
650 0 _aIgbo (African people)
_xReligion.
651 0 _aNigeria
_xChurch history.
906 _a7
_bcbc
_corignew
_d3
_encip
_f19
_gy-gencatlg
942 _2lcc
_cBK
_h3630.I2
_iKAL
_kBV